00240nam a2200085Ia 4500001000800000005001700008008004100025245006700066260002100133116252920250827011645.0250824s9999 xx 000 0 und d 0aUSTA BİR ŞİFACININ KADİM SIRLARIcDR. CLINT G. ROGERS bDESTEK YAYINLARI